Management-Zeitschrift io
Salvato in:
| Natura: | Periodico |
|---|---|
| Lingua: | tedesco |
| Pubblicazione: |
Zürich
Betriebswissenschaftliches Institut der ETH
1993
|
| Soggetti: | |
| Tags: |
Nessun Tag, puoi essere il primo ad aggiungerne!!
|
MARC
| LEADER | 00000nas2a2200000 4500 | ||
|---|---|---|---|
| 001 | s013770 | ||
| 005 | 20240109095551.3 | ||
| 022 | |a 0019-9281 | ||
| 041 | 0 | |a ger | |
| 044 | |a CH | ||
| 245 | 1 | 0 | |a Management-Zeitschrift io |
| 264 | 1 | |a Zürich |b Betriebswissenschaftliches Institut der ETH |c 1993 | |
| 300 | |a 2 zv. | ||
| 773 | 0 | |w eu_un_cat*s123688 | |
| 610 | 2 | 0 | |a manažment |
| 610 | 2 | 0 | |a riadenie priemyslu |